| 000 | 00520nam a22001697a 4500 | ||
|---|---|---|---|
| 003 | MACL | ||
| 005 | 20160120150606.0 | ||
| 008 | 160120b xxu||||| |||| 00| 0 eng d | ||
| 040 | _cMACL | ||
| 041 | _aHindi | ||
| 082 | _a001FAD | ||
| 100 |
_aडॉ बी एल फडिृया _933645 |
||
| 245 | _aसामान्य अध्ययन 2002 | ||
| 260 |
_aआगरा _bसाहित्य भवन पब्लिकेशन्स _c2000 |
||
| 650 |
_aGeneralities _91354 |
||
| 942 |
_2ddc _cHIN |
||
| 999 |
_c52820 _d52820 |
||